|
|
|
|
| LEADER |
00613 a2200157 4500 |
| 008 |
190820b ||||| |||| 00| 0 eng d |
| 999 |
|
|
|c 337929
|d 337929
|
| 020 |
|
|
|a 9789386858535
|
| 082 |
|
|
|a 327.076CS INT
|
| 245 |
|
|
|a International organizations and bilateral relations :
|b for civil servies examinations
|
| 260 |
|
|
|b Cenage,
|c 2018
|a New Delhi :
|
| 300 |
|
|
|a 326p. ;
|c 24cm.
|
| 650 |
|
|
|a International Organisation
|
| 650 |
|
|
|a Bilateral Relations
|
| 942 |
|
|
|2 ddc
|c BK
|
| 952 |
|
|
|0 0
|1 0
|2 ddc
|4 0
|6 327_000000000000000_076CS_INT_C
|7 0
|9 387724
|a UL
|b UL
|c REF
|d 2019-08-01
|g 198.00
|l 0
|o 327.076CS INT C
|p 100618
|r 2019-08-01
|v 275.00
|y REF
|